00578ntaaa2200169 45000030003000000050017000030080021000200400037000410820017000781000025000952450022001202500010001422600041001523000011001935000190002046500014003940120251027202518.00714s1973 ag 01  aAR-BaBNbspacAR-BaBNeaacrdRIC a181.2000 C81 aCory, Isaac Preston  aAncient fragments a1 ed. aLondon : bWilliam Pickering, c1832 a361 p. aStudy of the philosophy and trinity of the ancient writings of the Phoenician, Chaldean, Egyptian, Tyrian, Carthaginian, Indian, Persian, and other writers. falta segein inventario 1989 aFilosofia